| 000 | 00737nam a2200241Ia 4500 | ||
|---|---|---|---|
| 003 | OSt | ||
| 005 | 20220925223816.0 | ||
| 006 | a|||||r|||| 00| 0 | ||
| 007 | ta | ||
| 008 | 220923b |||||||| |||| 00| 0 eng d | ||
| 020 |
_a9780415793073 _c5777.96 |
||
| 037 |
_bBBS/1, 10/05/2013, Better Book Service _cGeneral Book |
||
| 040 |
_aRTL _cRTL _beng |
||
| 041 |
_2eng _aeng |
||
| 082 | _aX4, Q2 | ||
| 100 |
_aTAYLOR Mark P. _9248925 |
||
| 245 | 0 | _aApplied economics of transport. | |
| 260 |
_aLondon _bRoutledge _c2012 |
||
| 300 |
_av,139p. Bibliography chapterwise _ccm. |
||
| 650 | _aEconomics | ||
| 942 |
_hX4, Q2 _cGB _2CC |
||
| 999 |
_c580431 _d580431 |
||